The management of sport : (Record no. 14126)

000 -LEADER
fixed length control field 00596cam a2200181 a 4500
020 ## - INTERNATIONAL STANDARD BOOK NUMBER
ISBN 0815166206
040 ## - CATALOGING SOURCE
Transcribing agency DLC
082 ## - DEWEY DECIMAL CLASSIFICATION NUMBER
Classification number 796 MOS 1996 A088 Or.
245 04 - TITLE STATEMENT
Title The management of sport :
Remainder of title its foundation and application /
250 ## - EDITION STATEMENT
Edition statement 2nd ed
260 ## - PUBLICATION, DISTRIBUTION, ETC. (IMPRINT)
Place of publication St. Louis, Mo. :
Name of publisher Mosby,
Year of publication c1996
300 ## - PHYSICAL DESCRIPTION
Number of Pages xxi, 402 p. :
Other physical details ill. ;
Dimensions 25 cm
500 ## - GENERAL NOTE
General note "With the endorsement of the National Association for Sport and Physical Education."
650 #0 - SUBJECT ADDED ENTRY--TOPICAL TERM
Topical Term Sports administration
700 1# - ADDED ENTRY--PERSONAL NAME
Personal name Parkhouse, Bonnie L
710 2# - ADDED ENTRY--CORPORATE NAME
Corporate name or jurisdiction name as entry element National Association for Sport and Physical Education
942 ## - ADDED ENTRY ELEMENTS (KOHA)
Koha item type សៀវភៅភាសាអង់គ្លេស
952 ## - LOCATION AND ITEM INFORMATION (KOHA)
Withdrawn status [LOCAL, KOHA] 0
Holdings
Permanent Location Date acquired Koha item type Lost status Shelving location Barcode Current Location Full call number
Library Block A2017-10-07សៀវភៅភាសាអង់គ្លេស A088A06672Library Block A796 MOS 1996 A088 Or.
មជ្ឈមណ្ឌលឯការនៃសាកលវិទ្យាល័យភូមិន្ទកសិកម្មចំការដូង

Powered by Koha